| 000 | 00797nam a2200205Ia 4500 | ||
|---|---|---|---|
| 003 | GCL | ||
| 008 | 140319s9999 xx 000 0 ara d | ||
| 020 | _a0876215977 | ||
| 040 |
_aGCL / _cGCL |
||
| 082 | 0 | 4 |
_a414.1 _bش ج |
| 100 | 1 | _aشعبان صلاح | |
| 245 | 1 | 0 |
_aالجملة الاسمية عند الاخفش الاوسط : _bبين اقواله فى ( معانى القران ) وروايات العلماء عنه / _cشعبان صلاح |
| 260 |
_aالقاهرة : _bدار غريب للطباعة والنشر والتوزيع ، _c2006 |
||
| 300 |
_a119 ص ؛ _c24 سم |
||
| 650 | 0 | 4 | _aعلم اللغة |
| 650 | 0 | 4 | _aالقران - الفاظ |
| 650 | 0 | 4 | _aالنحو - الجملة الاسمية |
| 650 | 0 | 4 | _aاللغة العربية - المعانى |
| 942 |
_2ddc _cBK |
||
| 999 |
_c31587 _d31587 |
||